Doing good business (Record no. 73336)

MARC details
000 -LEADER
fixed length control field 01201cam a2200241 4500
001 - CONTROL NUMBER
control field ABS66961
008 - FIXED-LENGTH DATA ELEMENTS--GENERAL INFORMATION
fixed length control field 030903n2003 000 0 eng u
035 ## - SYSTEM CONTROL NUMBER
System control number (Sirsi) u123477
100 ## - MAIN ENTRY--PERSONAL NAME
Personal name Wilson, D.
245 ## - TITLE STATEMENT
Title Doing good business
260 ## - PUBLICATION, DISTRIBUTION, ETC.
Date of publication, distribution, etc. 2003
490 ## - SERIES STATEMENT
Series statement Management Today
Volume/sequential designation August 2003, 54-55(2)
520 ## - SUMMARY, ETC.
Summary, etc. Defends the role of business and the private sector in general. Notes that chairman, directors and chief executives of companies are often unpopular as reflected by a recent MORI poll and in public opinion. Points out that the private sector generates profits that get put back into the economy and these benefit the whole society. Argues that business should be more effective in pointing out their advantages to the community but these efforts are often distorted by the actions of a few irresponsible ones. Suggests that corporate social responsibility should be more widely adopted.
590 ## - LOCAL NOTE (RLIN)
Local note ABS
650 ## - SUBJECT ADDED ENTRY--TOPICAL TERM
Topical term or geographic name entry element PRIVATE SECTOR
650 ## - SUBJECT ADDED ENTRY--TOPICAL TERM
Topical term or geographic name entry element PUBLIC SECTOR
650 ## - SUBJECT ADDED ENTRY--TOPICAL TERM
Topical term or geographic name entry element BUSINESS CONDUCT
650 ## - SUBJECT ADDED ENTRY--TOPICAL TERM
Topical term or geographic name entry element COMPANY DIRECTORS
650 ## - SUBJECT ADDED ENTRY--TOPICAL TERM
Topical term or geographic name entry element CORPORATE SOCIAL RESPONSIBILITY
650 ## - SUBJECT ADDED ENTRY--TOPICAL TERM
Topical term or geographic name entry element COMMUNITY BUILDING
690 ## - LOCAL SUBJECT ADDED ENTRY--TOPICAL TERM (OCLC, RLIN)
Topical term or geographic name as entry element MANAGEMENT-BUSINESS MANAGEMENT
942 ## - ADDED ENTRY ELEMENTS (KOHA)
Suppress in OPAC 0
Holdings
Withdrawn status Lost status Source of classification or shelving scheme Damaged status Not for loan Home library Current library Shelving location Date acquired Total Checkouts Full call number Barcode Date last seen Copy number Price effective from Koha item type
    Dewey Decimal Classification     London London Journal article 03/09/2003   ABS66961 123477-1001 06/08/2019 1 06/08/2019 Journal article